Proposal for an International AI Governance Organisation to Prevent Catastrophic AI Outcomes
| Szerző: | |
|---|---|
| Dokumentumtípus: | Könyv része |
| Megjelent: |
Budapesti Gazdaságtudományi Egyetem
Budapest, Magyarország
2026
|
| Sorozat: | Szemelvények a BGE kutatásaiból IV. kötet
|
| Tárgyszavak: | |
| doi: | 10.29180/978-615-6886-28-6_3 |
| Kulcsszavak: | AI governance AI safety global cooperation multistakeholder Brussels Effect |
| Online Access: | http://publikaciotar.uni-bge.hu/2651 |
MARC
| LEADER | 00000naa a2200000 i 4500 | ||
|---|---|---|---|
| 001 | publ2651 | ||
| 005 | 20260401081806.0 | ||
| 008 | 260331s2026 hu o 000 zxx d | ||
| 020 | |a 978-615-6886-28-6 | ||
| 024 | |a 10.29180/978-615-6886-28-6_3 |2 doi | ||
| 040 | |a BGE Publikációtár Repozitórium |b hun | ||
| 100 | 1 | |a Bayer Judit | |
| 245 | 1 | 0 | |a Proposal for an International AI Governance Organisation to Prevent Catastrophic AI Outcomes |c Bayer Judit |h [elektronikus dokumentum] |
| 260 | |a Budapesti Gazdaságtudományi Egyetem |b Budapest, Magyarország |c 2026 | ||
| 300 | |a 1-8 | ||
| 490 | 0 | |a Szemelvények a BGE kutatásaiból IV. kötet | |
| 650 | 4 | |a politikatudományok | |
| 695 | |a AI governance | ||
| 695 | |a AI safety | ||
| 695 | |a global cooperation | ||
| 695 | |a multistakeholder | ||
| 695 | |a Brussels Effect | ||
| 856 | 4 | 0 | |u https://publikaciotar.uni-bge.hu/id/eprint/2651/1/BGE%20Szemelv%C3%A9nyek%202025_3.cikk.pdf |z Dokumentum-elérés |